Η Χρηματοδοτική Μίσθωση Leasing (Record no. 8683)
[ view plain ]
| 000 -LEADER | |
|---|---|
| fixed length control field | 01613cam a22001814a 4500 |
| 005 - ΗΜΕΡΟΜΗΝΙΑ ΚΑΙ ΩΡΑ ΤΕΛΕΥΤΑΙΑΣ ΕΝΗΜΕΡΩΣΗΣ | |
| Πεδίο ελέγχου | 20250605164343.0 |
| 008 - FIXED-LENGTH DATA ELEMENTS--GENERAL INFORMATION | |
| Πεδίο ελέγχου σταθερού μήκους | 250528s ||||||||||||||||||||||||d |
| 035 ## - SYSTEM CONTROL NUMBER | |
| System control number | 23734 |
| 040 ## - ΠΗΓΗ ΚΑΤΑΛΟΓΟΓΡΑΦΗΣΗΣ | |
| Φορέας πρωτότυπης καταλογογράφησης | MC Athens Campus Library |
| Γλώσσα καταλογογράφησης | Ελληνικά, Μοντέρνα (1453-) |
| Modifying agency | MC Athens Campus Library |
| Κανόνες περιγραφικής καταλογογράφησης | AACR2 |
| 245 1# - ΤΙΤΛΟΣ ΚΑΙ ΔΗΛΩΣΗ ΥΠΕΥΘΥΝΟΤΗΤΑΣ | |
| Τίτλος | Η Χρηματοδοτική Μίσθωση Leasing |
| 260 ## - PUBLICATION, DISTRIBUTION, ETC. | |
| Date of publication, distribution, etc. | 2012 |
| 300 ## - PHYSICAL DESCRIPTION | |
| Extent | 25 |
| 520 ## - SUMMARY, ETC. | |
| Summary, etc. | Ορισμός, Ιστορική Ανάδρομη της Χρηματοδοτικής Μίσθωσης, Η Εξέλιξη της Αγοράς Leasing στην Ελλάδα, Το Ελληνικό Νομοθετικό Πλαίσιο του Leasing, Κατηγορίες Χρηματοδοτικής Μίσθωσης, Τρόποι Εφαρμογής του Leasing και Ανάγκες που Καλύπτει, Πλεονεκτήματα και Μειονεκτήματα από την Χρήση του Leasing, Σύγκριση Leasing με Παρεμφερείς Νομικούς Θεσμούς, Χρηματοοικονομική Προσέγγιση των Μισθώσεων, Σύγκριση Κόστους Leasing με Κόστος Χρηματοδότησης και Αγοράς με Ίδια Διαθέσιμα, Χρηματοοικονομική Εικόνα, Παράγοντες οι Οποίοι Αποτελούν τα Κριτήρια Επιλογής του Καλύτερου Τρόπου Πιστοδότησης μιας Νέας Επένδυσης, Γενικά Συμπεράσματα, Πρόταση για Βελτίωση του Leasing. |
| 700 1# - ΠΡΟΣΘΕΤΗ ΑΝΑΓΡΑΦΗ--ΦΥΣΙΚΟ ΠΡΟΣΩΠΟ | |
| Personal name | Ζαλώνη Μαρκέλλα |
| 9 (RLIN) | 9280 |
| 942 ## - ADDED ENTRY ELEMENTS (KOHA) | |
| Koha item type | Διπλωματική εργασία |
| Τύπος τεκμηρίου | Βιβλιοθήκη | Τρέχουσα τοποθεσία | Barcode | Ημερομηνία απόκτησης | Ταξιθετικό σύμβολο | Αριθμός αντιτύπου | Κατάσταση απόσυρσης | Κατάσταση χαμένου | Κατάσταση κατεστραμμένου | Μη δανεισμός | Σύνολο δανεισμών | Ημερομηνία τελευταίας εμφάνισης | Η τιμή ισχύει από |
|---|---|---|---|---|---|---|---|---|---|---|---|---|---|
| Διπλωματική εργασία | MC Athens Campus Library | MC Athens Campus Library | 9780000086822 | 05/06/2025 | BUS 2012 (12) | 1 | 05/06/2025 | 05/06/2025 |